LEADER 01326nam a2200301 a 4500 001 000000124822 003 CaOOAMICUS 005 20110325120556.0 008 110325s2002 it u000 u ita r 020 $a88-7396-007-3 040 $aPUL$bita 082 04$a234 100 1 $aCardinali, Marco.$0(OLS)http://pul/name/64200 245 13$aIl Dio inseguito :$bviaggio alla scoperta della fede nella poesia di David Maria Turoldo /$cMarco Cardinali. 260 $aRoma :$bPro Sanctitate,$cstampa 2002. 300 $a256 p. ;$c21 cm 490 1 $aSaggi. Poesia e mistica 600 14$aTuroldo, David Maria,$cO.S.M., sac.,$d1916-1992.$0(OLS)http://pul/subject/37517 650 4$aFede.$0(OLS)http://pul/subject/668 830 0$aSaggi.$pPoesia e mistica (Pro Sanctitate).$0(OLS)http://pul/title/157372 850 $aPUL 852 $aPUL$W1$xDP2 Religione 3$y114$m234 CARMA 1$j143739$qDDC 21$B142751$CPULBib$Z2$F142751 $H116477 $82 941 1 $a9 996 $6020$a88-7396-007-3$9(OLS)http://pul/number/146773 996 $6082$a234$9(OLS)http://pul/classification/573 996 $6245$aIl Dio inseguito :$bviaggio alla scoperta della fede nella poesia di David Maria Turoldo$9(OLS)http://pul/title/157370 996 $6260$aRoma :$bPro Sanctitate$9(OLS)http://pul/publisher/64817 LEADER 01070nam a2200265 a 4500 001 000000137918 003 CaOOAMICUS 005 20140327114441.0 008 140327s2001 it c u000 u ita r 020 $a88-498-0160-2 040 $aPUL$bita 245 00$aPolitica e internet /$ca cura di Jader Jacobelli. 260 $aSoveria Mannelli :$bRubbettino,$c2001. 300 $a187 p. :$britr. ;$c21 cm 500 $aSaggi presentati al Convegno tenuto a Saint Vincent nel 2001. 650 4$aInternet$xAspetti sociali e legali.$0(OLS)http://pul/subject/37629 650 4$aPolitica e sociologia.$0(OLS)http://pul/subject/23705 700 1 $aJacobelli, Jader,$cO.I.M.,$d1918-$0(OLS)http://pul/name/40898 850 $aPUL 852 $aPUL$W1$xDP1 Fondo E. Rossi$y115$m7 C 20$j32544$qFondi$B158536$CPULBib$Z2$F158536 $82 941 1 $a1 996 $6020$a88-498-0160-2$9(OLS)http://pul/number/154925 996 $6245$aPolitica e internet$9(OLS)http://pul/title/174642 996 $6260$aSoveria Mannelli :$bRubbettino$9(OLS)http://pul/publisher/51639